| 000 | 00485nam a2200157Ia 4500 | ||
|---|---|---|---|
| 008 | 210716s2002 xx 000 0 und d | ||
| 020 | _a9780070472580 | ||
| 041 | _aeng | ||
| 082 | _a621.395 LEAD | ||
| 100 | _aLeach, Donald P;Malvino, Albert Paul. | ||
| 245 |
_aDigital: principles and applications. _bPrinciples and applications. |
||
| 250 | _a5 | ||
| 260 |
_aNew Delhi _bTata McGraw Hill Publishing Company Ltd _c2002 |
||
| 300 | _aix,638 | ||
| 650 | _aLogic Design, VLSI(621.395) | ||
| 999 |
_c185021 _d185021 |
||